Statistics for Name a Valid Indian State or Union Territory

Click here to take the quiz!

General Stats

  • This quiz has been taken 95 times
  • The average score is 16 of 20

Answer Stats

ClueValid countries% Correct
which borders the Arabian SeaGujarat | Maharashtra | Goa | Kerala | Karnataka
99%
with more than one wordMadhya Pradesh | Uttar Pradesh | Arunachal Pradesh |
West Bengal | Tamil Nadu | Andhra Pradesh |
Himachal Pradesh | Jammu and Kashmir |
Andaman and Nicobar Islands | Daman and Diu | Dadra and Nagar Haveli
93%
with at least one Megacity
(city with a population of more than 10 million)
Delhi | Maharashtra | West Bengal
87%
with at least one Metro or Subway systemMaharashtra | Uttar Pradesh | West Bengal | Rajasthan
| Tamil Nadu | Karnataka | Kerala | Telengana
87%
with fewer than 1 million peopleDadra and Nagar Haveli | Ladakh | Sikkim |
Andaman and Nicobar Islands | Daman and Diu | Lakshadweep
85%
with gross domestic product
of at least ₹1,000,000
Maharashtra | Tamil Nadu | Uttar Pradesh |
Karnataka | Gujarat | West Bengal
85%
with National Highway network of more than
5000 km
Rajasthan | Karnataka | Uttar Pradesh
| Tamil Nadu | Maharashtra | Madhya Pradesh | Andhra Pradesh
83%
which borders both Nepal and BhutanWest Bengal | Sikkim
83%
with no land bordersAndaman and Nicobar Islands | Lakshadweep
81%
that formed after 2000Chattisgarh | Jammu and Kashmir | Jharkhand |
Ladakh | Telengana | Uttarakhand
81%
with land in the HimalayasJammu and Kashmir | Uttarakhand | Himachal Pradesh |
West Bengal | Sikkim | Arunachal Pradesh
81%
part of the Seven SistersAssam | Meghalaya | Nagaland | Tripura |
Mizoram | Manipur | Arunachal Pradesh
79%
with Bengali as an official languageAssam | Tripura | West Bengal
79%
that has territorial disputes with ChinaJammu and Kashmir | Ladakh | Arunachal Pradesh
79%
with more than 3 UNESCO
World Heritage sites
Gujarat | Maharashtra | Karnataka | Tamil Nadu
| Uttar Pradesh | Madhya Pradesh | Delhi
77%
with land on the Tropic of CancerGujarat | Rajasthan | Madhya Pradesh | Chattisgarh
| Jharkhand | West Bengal | Tripura | Mizoram
75%
which had a French ColonyTamil Nadu | Puducherry | Gujarat | West Bengal | Odisha | Kerala
73%
which is larger than ItalyMadhya Pradesh | Maharashtra
69%
with majority ChristianMizoram | Meghalaya | Nagaland
65%
with at least one IISERs
(Indian Institute of Science Education and Research)
West Bengal | Odisha | Madhya Pradesh | Andhra Pradesh
| Maharashtra | Kerala | Punjab
64%

Score Distribution

Percentile by Number Answered

Percent of People with Each Score

Your Score History

You have not taken this quiz